Selection From the Mahabharata: (Record no. 1433133)

MARC details
000 -LEADER
fixed length control field 00520nam a22001697a 4500
003 - CONTROL NUMBER IDENTIFIER
control field OSt
005 - DATE AND TIME OF LATEST TRANSACTION
control field 20250701113551.0
008 - FIXED-LENGTH DATA ELEMENTS--GENERAL INFORMATION
fixed length control field 250701b |||||||| |||| 00| 0 eng d
020 ## - INTERNATIONAL STANDARD BOOK NUMBER
International Standard Book Number 9788120818743
040 ## - CATALOGING SOURCE
Transcribing agency rda
100 ## - MAIN ENTRY--PERSONAL NAME
Personal name Agarwal, Satya P..,
Relator term author
245 ## - TITLE STATEMENT
Title Selection From the Mahabharata:
Remainder of title Re-affirming Gita's Call for the Good of all
Statement of responsibility, etc. by Satya P. Agarwal
260 ## - PUBLICATION, DISTRIBUTION, ETC.
Place of publication, distribution, etc. USA:
Name of publisher, distributor, etc. Urmila Agarwal,
Date of publication, distribution, etc. 2002.
300 ## - PHYSICAL DESCRIPTION
Extent xvii,293p.
650 ## - SUBJECT ADDED ENTRY--TOPICAL TERM
Source of heading or term Mahabharata
942 ## - ADDED ENTRY ELEMENTS (KOHA)
Source of classification or shelving scheme Colon Classification (CC)
Koha item type General Books
Edition 1
Classification part O15,1A2 P2
Suppress in OPAC No

No items available.

Copyright @ Delhi University Library System